Champions League Finals Starting 11 - Statistics

General Stats
  • This quiz has been taken 1,362 times
    672 since last reset
  • The average score is 306 of 462
Answer Stats
Club Player Position % Correct
Manchester United Cristiano Ronaldo LM
91%
Manchester United Cristiano Ronaldo ST
91%
Real Madrid Cristiano Ronaldo LW
91%
Real Madrid Cristiano Ronaldo LW
91%
Real Madrid Cristiano Ronaldo LW
91%
Real Madrid Cristiano Ronaldo LW
91%
Barcelona Lionel Messi RW
89%
Barcelona Lionel Messi ST
89%
Barcelona Lionel Messi RW
89%
AtleticoMadrid Thibaut Courtois GK
89%
RealMadrid Thibaut Courtois GK
89%
Real Madrid Thibaut Courtois GK
89%
Bayern Munchen Toni Kroos CM
89%
Real Madrid Toni Kroos CM
89%
Real Madrid Toni Kroos CM
89%
Real Madrid Toni Kroos CM
89%
Real Madrid Toni Kroos CM
89%
Real Madrid Toni Kroos CM
89%
Barcelona Andrés Iniesta CM
88%
Barcelona Andrés Iniesta CM
88%
Barcelona Andrés Iniesta CM
88%
BayernMunchen Manuel Neuer GK
88%
Bayern Munchen Manuel Neuer GK
88%
Bayern Munchen Manuel Neuer GK
88%
Barcelona Xavi CM
88%
Barcelona Xavi CM
88%
Real Madrid Dani Carvajal RB
87%
Real Madrid Dani Carvajal RB
87%
Real Madrid Dani Carvajal RB
87%
Real Madrid Dani Carvajal RB
87%
Real Madrid Dani Carvajal RB
87%
Real Madrid Dani Carvajal RB
87%
PSG Gianluigi Donnarumma GK
87%
Real Madrid Karim Benzema ST
87%
Real Madrid Karim Benzema ST
87%
Real Madrid Karim Benzema ST
87%
Real Madrid Karim Benzema ST
87%
Real Madrid Karim Benzema ST
87%
Real Madrid Luka Modrić CM
87%
Real Madrid Luka Modrić CM
87%
Real Madrid Luka Modrić CM
87%
Real Madrid Luka Modrić CM
87%
Real Madrid Luka Modrić CM
87%
Inter Lautaro Martínez ST
86%
Inter Milan Lautaro Martinez ST
86%
Liverpool Mohamed Salah RW
86%
Liverpool Mohamed Salah RW
86%
Liverpool Mohamed Salah RW
86%
PSG Ousmane Dembele ST
86%
Bayern Munchen Philipp Lahm RB
86%
Bayern Munchen Philipp Lahm RB
86%
Bayern Munchen Philipp Lahm RB
86%
PSG Vitinha CM
86%
Real Madrid Gareth Bale RW
85%
Real Madrid Gareth Bale RW
85%
Real Madrid Marcelo LB
85%
Real Madrid Marcelo LB
85%
Real Madrid Marcelo LB
85%
PSG Marquinhos CDM
85%
PSG Marquinhos CB
85%
Liverpool Sadio Mané LW
85%
Liverpool Sadio Mané LW
85%
Liverpool Sadio Mané ST
85%
Real Madrid Sergio Ramos CB
85%
Real Madrid Sergio Ramos CB
85%
Real Madrid Sergio Ramos CB
85%
Real Madrid Sergio Ramos CB
85%
Real Madrid Vinícius Júnior LW
85%
Real Madrid Vinícius Júnior ST
85%
Liverpool Virgil van Dijk CB
85%
Liverpool Virgil van Dijk CB
85%
Liverpool Virgil van Dijk CB
85%
Tottenham Hotspur Dele Alli RW
84%
Chelsea Didier Drogba ST
84%
Chelsea Didier Drogba ST
84%
Barcelona Gerard Piqué CB
84%
Barcelona Gerard Piqué CB
84%
Barcelona Gerard Piqué CB
84%
Tottenham Hotspur Harry Kane ST
84%
Barcelona Neymar LW
84%
PSG Neymar LW
84%
Barcelona Sergio Busquets CDM
84%
Barcelona Sergio Busquets CDM
84%
Barcelona Sergio Busquets CDM
84%
Liverpool Alisson Becker GK
83%
Liverpool Alisson Becker GK
83%
Real Madrid Casemiro CDM
83%
Real Madrid Casemiro CDM
83%
Real Madrid Casemiro CDM
83%
Real Madrid Casemiro CDM
83%
Barcelona Dani Alves RB
83%
Barcelona Dani Alves RB
83%
Juventus Dani Alves RWB
83%
PSG Desire Doue RW
83%
ManchesterCity Ederson GK
83%
Manchester City Ederson GK
83%
Manchester City Erling Haaland ST
83%
RealMadrid Keylor Navas GK
83%
Real Madrid Keylor Navas GK
83%
RealMadrid Keylor Navas GK
83%
PSG Keylor Navas GK
83%
Borussia Dortmund Robert Lewandowski ST
83%
Bayern Munchen Robert Lewandowski ST
83%
Liverpool Roberto Firmino ST
83%
Liverpool Roberto Firmino ST
83%
Liverpool Steven Gerrard CM
83%
Liverpool Steven Gerrard CAM
83%
Liverpool Trent Alexander-Arnold RB
83%
Liverpool Trent Alexander-Arnold RB
83%
Liverpool Trent Alexander-Arnold RB
83%
Barcelona Víctor Valdés GK
83%
Barcelona Víctor Valdés GK
83%
Barcelona Víctor Valdés GK
83%
PSG Achraf Hakimi RB
82%
Chelsea Édouard Mendy GK
82%
Real Madrid Ferland Mendy LB
82%
Juventus Gianluigi Buffon GK
82%
Juventus Gianluigi Buffon GK
82%
Barcelona Luis Suárez ST
82%
Milan Paolo Maldini LB
82%
Milan Paolo Maldini CB
82%
Chelsea Petr Čech GK
82%
Chelsea Petr Čech GK
82%
Tottenham Hotspur Son Heung-Min LW
82%
Bayern Munchen Thomas Müller ST
82%
Bayern Munchen Thomas Müller CAM
82%
Bayern Munchen Thomas Müller CAM
82%
Bayern Munchen Thomas Müller CAM
82%
Manchester City Bernardo Silva CM
81%
Manchester City Bernardo Silva RW
81%
Barcelona Carles Puyol CB
81%
Barcelona Carles Puyol RB
81%
Manchester City Rodri CDM
81%
Real Madrid Rodrygo ST
81%
PSG Thiago Silva CB
81%
Chelsea Thiago Silva CB
81%
Arsenal Thierry Henry ST
81%
Barcelona Thierry Henry LW
81%
Manchester United Wayne Rooney ST
81%
Manchester United Wayne Rooney LW
81%
Manchester United Wayne Rooney ST
81%
Liverpool Andrew Robertson LB
80%
Liverpool Andrew Robertson LB
80%
Liverpool Andrew Robertson LB
80%
Chelsea Antonio Rüdiger CB
80%
Real Madrid Antonio Rüdiger CB
80%
Bayern Munchen Arjen Robben RW
80%
Bayern Munchen Arjen Robben RW
80%
Bayern Munchen Arjen Robben RW
80%
ManchesterUnited Edwin van der Sar GK
80%
ManchesterUnited Edwin van der Sar GK
80%
ManchesterUnited Edwin van der Sar GK
80%
Bayern Munchen Javi Martínez CM
80%
Milan Andrea Pirlo CDM
79%
Milan Andrea Pirlo CM
79%
Juventus Andrea Pirlo CDM
79%
Bayern Munchen Franck Ribéry LW
79%
Bayern Munchen Franck Ribéry LW
79%
Liverpool Jordan Henderson CDM
79%
Liverpool Jordan Henderson CM
79%
Liverpool Jordan Henderson CM
79%
Barcelona Jordi Alba LB
79%
Barcelona Marc-André ter Stegen GK
79%
Liverpool Xabi Alonso CDM
79%
Liverpool Xabi Alonso CDM
79%
Bayern Munchen David Alaba LB
78%
Bayern Munchen David Alaba CB
78%
Real Madrid David Alaba CB
78%
Chelsea Frank Lampard CM
78%
Chelsea Frank Lampard CM
78%
TottenhamHotspur Hugo Lloris GK
78%
RealMadrid Iker Casillas GK
78%
Real Madrid Jude Bellingham CAM
78%
Chelsea Kai Havertz CAM
78%
Barcelona Samuel Eto'o ST
78%
Barcelona Samuel Eto'o ST
78%
Inter Samuel Eto'o RW
78%
Inter Alessandro Bastoni CB
77%
Inter Milan Alessandro Bastoni CB
77%
Juventus Giorgio Chiellini CB
77%
Milan Kaká CAM
77%
Milan Kaká CAM
77%
Manchester City Kevin De Bruyne CAM
77%
Manchester City Kevin De Bruyne CAM
77%
PSG Kylian Mbappé ST
77%
Real Madrid Raphaël Varane CB
77%
Real Madrid Raphaël Varane CB
77%
Real Madrid Raphaël Varane CB
77%
Manchester City Rúben Dias CB
77%
Manchester City Rúben Dias CB
77%
Inter Milan Yann Sommer GK
77%
Milan Dida GK
76%
Milan Dida GK
76%
Arsenal Gilberto Silva CM
76%
Chelsea John Terry CB
76%
Juventus Leonardo Bonucci CB
76%
Juventus Leonardo Bonucci CB
76%
Manchester United Rio Ferdinand CB
76%
Manchester United Rio Ferdinand CB
76%
Manchester United Rio Ferdinand CB
76%
Real Madrid Isco RW
75%
Real Madrid Isco RW
75%
PSG Khvicha Kvaratskhelia LW
75%
Liverpool Luis Díaz LW
75%
Borussia Dortmund Marco Reus CAM
75%
Bayern Munchen Mario Mandžukić ST
75%
Juventus Mario Mandžukić ST
75%
Borussia Dortmund Mats Hummels CB
75%
Borussia Dortmund Mats Hummels CB
75%
PSG Nuno Mendes LB
75%
Real Madrid Pepe CB
75%
AtleticoMadrid Jan Oblak GK
74%
Bayern Munchen Jérôme Boateng CB
74%
Bayern Munchen Jérôme Boateng CB
74%
Bayern Munchen Jérôme Boateng CB
74%
Manchester City John Stones CB
74%
Manchester City John Stones CDM
74%
Bayern Munchen Joshua Kimmich RB
74%
Liverpool Loris Karius GK
74%
Manchester United Nemanja Vidić CB
74%
Manchester United Nemanja Vidić CB
74%
Manchester United Nemanja Vidić CB
74%
Manchester United Paul Scholes CM
74%
Arsenal Ashley Cole LB
73%
Chelsea Ashley Cole LB
73%
Chelsea Ashley Cole LB
73%
PSG Fabian Ruiz CM
73%
Liverpool Fabinho CDM
73%
Liverpool Fabinho CM
73%
Inter Federico Dimarco LWB
73%
Inter Milan Federico Dimarco LWB
73%
Manchester City Kyle Walker RB
73%
Manchester United Patrice Evra LB
73%
Manchester United Patrice Evra LB
73%
Manchester United Patrice Evra LB
73%
Juventus Patrice Evra LB
73%
Atletico Madrid Tiago Mendes CM
73%
Real Madrid Ángel Di María LM
72%
PSG Ángel Di María RW
72%
Atletico Madrid Antoine Griezmann ST
72%
Barcelona Ivan Rakitić CM
72%
Chelsea Joe Cole RW
72%
Bayern Munchen Mario Gómez ST
72%
Chelsea N'Golo Kanté CM
72%
Inter Nicolò Barella CM
72%
Inter Milan Nicolo Barella CM
72%
Barcelona Pedro LW
72%
Barcelona Ronaldinho LW
72%
Milan Alessandro Nesta CB
71%
Milan Alessandro Nesta CB
71%
Inter Denzel Dumfries RWB
71%
Inter Milan Denzel Dumfries RWB
71%
Real Madrid Éder Militão CB
71%
Borussia Dortmund İlkay Gündoğan CM
71%
Manchester City İlkay Gündoğan CM
71%
Manchester City İlkay Gündoğan CAM
71%
PSG João Neves CM
71%
Liverpool Joël Matip CB
71%
Manchester United Carlos Tevez ST
70%
Juventus Carlos Tevez ST
70%
Real Madrid Eduardo Camavinga CM
70%
Liverpool Jerzy Dudek GK
70%
Atletico Madrid Koke LM
70%
Atletico Madrid Koke LM
70%
Inter Milan Marcus Thuram ST
70%
Bayern Munchen Bastian Schweinsteiger CM
69%
Bayern Munchen Bastian Schweinsteiger CM
69%
Bayern Munchen Bastian Schweinsteiger CM
69%
Barcelona David Villa RW
69%
Atletico Madrid David Villa ST
69%
Liverpool Georginio Wijnaldum CM
69%
Liverpool Georginio Wijnaldum CM
69%
Bayern Munchen Kingsley Coman LW
69%
Manchester City Phil Foden CM
69%
Chelsea Reece James RWB
69%
Bayern Munchen Alphonso Davies LB
68%
Real Madrid Federico Valverde RW
68%
Real Madrid Federico Valverde CM
68%
Liverpool Javier Mascherano CDM
68%
Barcelona Javier Mascherano CB
68%
Barcelona Javier Mascherano CB
68%
Manchester City Manuel Akanji CB
68%
Bayern Munchen Thiago Alcântara CM
68%
Liverpool Thiago Alcântara CM
68%
Atletico Madrid Diego Godín CB
67%
Atletico Madrid Diego Godín CB
67%
Inter Diego Milito ST
67%
Barcelona Eric Abidal LB
67%
Liverpool Ibrahima Konaté CB
67%
Manchester City Nathan Aké CB
67%
Juventus Paulo Dybala CAM
67%
Chelsea Timo Werner ST
67%
PSG Willian Pacho CB
67%
Atletico Madrid Fernando Torres ST
66%
Milan Gennaro Gattuso CM
66%
Milan Gennaro Gattuso RM
66%
Chelsea Mason Mount CAM
66%
Milan Andriy Shevchenko ST
65%
Inter Hakan Çalhanoğlu CM
65%
Inter Milan Hakan Çalhanoğlu CM
65%
Manchester City Jack Grealish LW
65%
Liverpool Jamie Carragher CB
65%
Liverpool Jamie Carragher CB
65%
Atletico Madrid Diego Costa ST
64%
Milan Filippo Inzaghi ST
64%
Tottenham Hotspur Jan Vertonghen CB
64%
Manchester United Michael Carrick CM
64%
Manchester United Michael Carrick CM
64%
Manchester United Michael Carrick CM
64%
Manchester United Ryan Giggs CM
64%
Manchester United Ryan Giggs CM
64%
Bayern Munchen Serge Gnabry RW
64%
Inter Francesco Acerbi CB
63%
Borussia Dortmund Gregor Kobel GK
63%
Inter Javier Zanetti CM
63%
Juventus Paul Pogba CM
63%
Real Madrid Sami Khedira CM
63%
Juventus Sami Khedira CM
63%
Chelsea César Azpilicueta CB
62%
Inter Milan Francesco Acerbi CB
62%
Inter Júlio César GK
62%
Bayern Munchen Leon Goretzka CM
62%
Inter Wesley Sneijder CAM
62%
Inter André Onana GK
61%
Manchester City Raheem Sterling ST
61%
Tottenham Hotspur Toby Alderweireld CB
61%
Juventus Andrea Barzagli CB
59%
Juventus Andrea Barzagli CB
59%
Milan Cafu RB
59%
Juventus Álvaro Morata ST
58%
Milan Clarence Seedorf CM
58%
Milan Clarence Seedorf LM
58%
Chelsea David Luiz CB
58%
Chelsea Ben Chilwell LWB
56%
Tottenham Hotspur Christian Eriksen CAM
56%
Real Madrid Fábio Coentrão LB
56%
Juventus Gonzalo Higuaín ST
56%
Chelsea Jorginho CM
56%
Atletico Madrid Saúl Ñíguez RM
56%
Chelsea Gary Cahill CB
54%
Liverpool James Milner CM
54%
Arsenal Jens Lehmann GK
54%
Inter Maicon RB
54%
Barcelona Yaya Touré CB
54%
Atletico Madrid Juanfran RB
53%
Atletico Madrid Juanfran RB
53%
Arsenal Kolo Touré CB
53%
Inter Lúcio CB
53%
Arsenal Sol Campbell CB
53%
Liverpool Dejan Lovren CB
52%
Atletico Madrid Filipe Luís LB
52%
Atletico Madrid Filipe Luís LB
52%
Inter Milan Henrikh Mkhitaryan CM
52%
Manchester United Park Ji-Sung RW
52%
Manchester United Park Ji-Sung LM
52%
Juventus Arturo Vidal CAM
51%
Manchester City Riyad Mahrez ST
51%
Juventus Claudio Marchisio CM
50%
Bayern Munchen Dante CB
50%
Milan Hernán Crespo ST
50%
Borussia Dortmund Jadon Sancho RW
50%
Tottenham Hotspur Danny Rose LB
49%
Borussia Dortmund Nico Schlotterbeck CB
49%
Arsenal Robert Pires RM
49%
Chelsea Michael Essien RB
48%
Liverpool Pepe Reina GK
48%
Milan Jaap Stam CB
47%
Manchester United Javier Hernández ST
47%
Chelsea Juan Mata CAM
47%
Liverpool Dirk Kuyt ST
46%
Inter Goran Pandev LW
46%
Arsenal Cesc Fàbregas CM
45%
Inter Edin Džeko ST
45%
Chelsea Ricardo Carvalho CB
45%
BorussiaDortmund Roman Weidenfeller GK
45%
Juventus Alex Sandro LWB
44%
Liverpool John Arne Riise LM
44%
Liverpool John Arne Riise LB
44%
Liverpool Luis García RM
44%
Chelsea Michael Ballack CM
44%
PSG Presnel Kimpembe CB
44%
Atletico Madrid Raúl García RM
44%
Manchester United Antonio Valencia RM
43%
Inter Esteban Cambiasso CM
43%
Atletico Madrid Gabi CM
43%
Atletico Madrid Gabi CM
43%
Chelsea Mikel John Obi CDM
43%
Tottenham Hotspur Moussa Sissoko CM
43%
Inter Milan Benjamin Pavard CB
42%
Chelsea Claude Makélélé CDM
42%
Barcelona Deco CM
42%
Borussia Dortmund Julian Brandt CM
42%
Tottenham Hotspur Kieran Trippier RB
42%
Borussia Dortmund Łukasz Piszczek RB
42%
Manchester City Oleksandr Zinchenko LB
41%
Liverpool Sami Hyypiä CB
41%
Inter Walter Samuel CB
40%
Manchester United Wes Brown RB
39%
Barcelona Mark van Bommel CM
38%
Bayern Munchen Mark van Bommel CM
38%
Atletico Madrid Miranda CB
38%
Real Madrid Nacho Fernández CB
38%
Borussia Dortmund Neven Subotić CB
38%
Chelsea Ryan Bertrand LW
38%
Atletico Madrid Augusto Fernández CM
37%
Inter Cristian Chivu LB
37%
Chelsea Florent Malouda LW
37%
Borussia Dortmund Jakub Błaszczykowski RW
37%
PSG Juan Bernat LB
37%
Barcelona Rafael Márquez CB
37%
Manchester United Anderson CM
36%
Chelsea José Bosingwa RB
36%
Borussia Dortmund Marcel Schmelzer LB
36%
Chelsea Salomon Kalou RW
36%
Arsenal Freddie Ljungberg CAM
34%
Tottenham Hotspur Harry Winks CM
34%
Juventus Miralem Pjanić CM
34%
Juventus Stephan Lichtsteiner RB
34%
Borussia Dortmund Marcel Sabitzer CM
33%
Manchester United John O'Shea RB
32%
Bayern Munchen Daniel Van Buyten CB
31%
Bayern Munchen Holger Badstuber LB
31%
PSG Leandro Paredes CM
31%
Inter Matteo Darmian CB
31%
Liverpool Milan Baroš ST
31%
Manchester United Owen Hargreaves RM
31%
Atletico Madrid Stefan Savić CB
31%
Bayern Munchen Ivica Olić ST
30%
Barcelona Ludovic Giuly RW
30%
Inter Marcelo Brozović CM
30%
Milan Massimo Ambrosini CM
30%
PSG Thilo Kehrer RB
30%
Barcelona Giovanni van Bronckhorst LB
29%
BayernMunchen Hans-Jörg Butt GK
29%
Barcelona Sylvinho LB
29%
Borussia Dortmund Emre Can CM
27%
Manchester United Fabio RB
26%
Real Madrid Ferland Mendy LB
26%
Borussia Dortmund Sven Bender CM
25%
PSG Ander Herrera CM
24%
Liverpool Harry Kewell CAM
24%
Borussia Dortmund Karim Adeyemi LW
23%
Liverpool Djimi Traoré LB
22%
Liverpool Steve Finnan RB
22%
Liverpool Steve Finnan RB
22%
Liverpool Daniel Agger CB
21%
Milan Marek Jankulovski LB
21%
Bayern Munchen Martín Demichelis CB
21%
Milan Massimo Oddo RB
21%
Borussia Dortmund Niclas Füllkrug ST
19%
Borussia Dortmund Ian Maatsen LB
18%
Borussia Dortmund Kevin Großkreutz LW
18%
Barcelona Edmílson CDM
17%
Arsenal Alexander Hleb LM
16%
Arsenal Emmanuel Eboué RB
15%
Borussia Dortmund Julian Ryerson RB
15%
Bayern Munchen Diego Contento LB
14%
Bayern Munchen Anatoliy Tymoshchuk CB
11%
Bayern Munchen Hamit Altıntop LW
11%
Liverpool Jermaine Pennant RM
11%
Barcelona Oleguer Presas RB
8%
Liverpool Boudewijn Zenden LM
7%
No matching quizzes found
Score Distribution
Percent of People with Each Score
Percentile by Number Answered
Your Score History
You have not taken this quiz since the last reset